Normal view
MARC view
- Eaton, Gai ( Ḥasan ʻAbdulḥakīm)
Entry Personal Name
001 - CONTROL NUMBER
- control field: 5840
003 - CONTROL NUMBER IDENTIFIER
- control field: NUST
005 - DATE AND TIME OF LATEST TRANSACTION
- control field: 20171102111614.0
008 - FIXED-LENGTH DATA ELEMENTS
- fixed length control field: 171102|| aca||aabn | a|a d
040 ## - CATALOGING SOURCE
- Original cataloging agency: NUST
- Transcribing agency: NUST
100 ## - HEADING--PERSONAL NAME
- Personal name: Eaton, Gai ( Ḥasan ʻAbdulḥakīm)
670 ## - SOURCE DATA FOUND
- Source citation: Work cat.: (NUST): Eaton, Gai ( Ḥasan ʻAbdulḥakīm), Mīr sāmān-i vajūd:, 2007
